|
|
|
|
| LEADER |
02074nam a2200481 i 4500 |
| 001 |
EBC1645272 |
| 003 |
MiAaPQ |
| 005 |
20200520144314.0 |
| 006 |
m o d | |
| 007 |
cr cnu|||||||| |
| 008 |
140318t20142014njua ob 001 0 eng d |
| 020 |
|
|
|z 9781118731628
|
| 020 |
|
|
|a 9781118731581
|q (electronic bk.)
|
| 020 |
|
|
|a 9781118731635
|q (electronic bk.)
|
| 035 |
|
|
|a (MiAaPQ)EBC1645272
|
| 035 |
|
|
|a (Au-PeEL)EBL1645272
|
| 035 |
|
|
|a (CaPaEBR)ebr10845575
|
| 035 |
|
|
|a (CaONFJC)MIL595067
|
| 035 |
|
|
|a (OCoLC)871860575
|
| 040 |
|
|
|a MiAaPQ
|b eng
|e rda
|e pn
|c MiAaPQ
|d MiAaPQ
|
| 050 |
|
4 |
|a HG173
|b .M33 2014
|
| 082 |
0 |
|
|a 332.645
|2 23
|
| 100 |
1 |
|
|a McCann, Bailey,
|e author.
|
| 245 |
1 |
0 |
|a Tactical portfolios :
|b strategies and tactics for investing in hedge funds and liquid alternatives /
|c Bailey McCann with contributions from opalesque editors.
|
| 264 |
|
1 |
|a Hoboken, New Jersey :
|b John Wiley & Sons,
|c 2014.
|
| 264 |
|
4 |
|c 2014
|
| 300 |
|
|
|a 1 online resource (221 pages) :
|b illustrations (some color), tables.
|
| 336 |
|
|
|a text
|2 rdacontent
|
| 337 |
|
|
|a computer
|2 rdamedia
|
| 338 |
|
|
|a online resource
|2 rdacarrier
|
| 490 |
1 |
|
|a Wiley Finance Series
|
| 504 |
|
|
|a Includes bibliographical references and index.
|
| 588 |
|
|
|a Description based on online resource; title from PDF title page (ebrary, viewed March 17, 2014).
|
| 590 |
|
|
|a Electronic reproduction. Ann Arbor, MI : ProQuest, 2015. Available via World Wide Web. Access may be limited to ProQuest affiliated libraries.
|
| 650 |
|
0 |
|a Finance.
|
| 650 |
|
0 |
|a Hedge funds.
|
| 650 |
|
0 |
|a Investments.
|
| 650 |
|
0 |
|a Risk management.
|
| 655 |
|
4 |
|a Electronic books.
|
| 776 |
0 |
8 |
|i Print version:
|a McCann, Bailey.
|t Tactical portfolios : strategies and tactics for investing in hedge funds and liquid alternatives.
|d Hoboken, New Jersey : John Wiley & Sons, c2014
|h xl, 207 pages
|k Wiley finance series.
|z 9781118731628
|
| 797 |
2 |
|
|a ProQuest (Firm)
|
| 830 |
|
0 |
|a Wiley finance series.
|
| 856 |
4 |
0 |
|u https://ebookcentral.proquest.com/lib/matrademy/detail.action?docID=1645272
|z Click to View
|